BIBLIOTHÈQUE DE LA MAISON DU MEXIQUE

Logo 1 Logo 2

La música de Agustín Lara en el cine (notice nᵒ 1549)

détails MARC
000 -Sello discográfico
campo de control de longitud fija 01038nam a2200301 4500
005 - Identificación de versión
campo de control 20251125141014.0
035 ## - Otros números de control del sistema
Número de control del sistema 19104
099 ## - fechas locales
Tipo de ítem Koha LIBRO
100 ## - Datos de procesamiento general
Datos de procesamiento general 19970415d1984 m y1spay5003 ba
105 ## - Campo de datos codificados: Material textual, monográfico
Datos codificados de monografía a 001zy
200 1# - Título y mención de responsabilidad
Título propio La música de Agustín Lara en el cine
Designación general del material texto impreso
Primer mención de responsabilidad Paco Ignacio Taibo I
210 ## - Publicación, distribución, etc.
Lugar de publicación, distribución, etc. México
Nombre del editor, distribuidor, etc. Filmoteca de la Universidad Nacional Autónoma de México
Fecha de publicación, distribución, etc. 1984
215 ## - Descripción física
Designación de material específico y extensión del ítem 83 p
Otras características físicas il.
Dimensiones 17 cm
345 ## - Nota de información de adquisición
Fuente de adquisición/dirección de la suscripción [OBSOLETO] Donación de la UNAM
410 #1 - Series
Título Filmografía Nacional
Número de volumen Entrega 2
600 ## - Nombre personal usado como materia
Elemento de entrada Lara
Parte del nombre distinta del elemento de entrada Agustín
Fechas 1897-1970
Número Koha 3925
606 ## - Término temático usado como materia
Elemento de entrada Cinematografía
Subdivisión geográfica México
Subdivisión temática Historia
Número Koha 896
606 ## - Término temático usado como materia
Elemento de entrada Música popular mexicana
Subdivisión temática Bibliografía
Número Koha 3926
660 ## - Código de área geográfica
Código MX
700 ## - Nombre personal - Responsabilidad primaria
Elemento de entrada Taibo Lavilla
Parte del nombre distinta del elemento de entrada Francisco Ignacio
Números romanos I
Fechas 1924-2008
Adiciones a los nombres que no sean fechas Paco Ignacio
Número Koha 897
801 #0 - Fuente de origen
Agencia cm
900 ## -
-- 1/13741
900 ## -
-- 710973217\\150497
942 ## - ELEMENTOS DE ENTRADA SECUNDARIOS (KOHA)
Tipo de ítem Koha Livre
996 ## -
-- MEX
-- 751145101
-- MMAG
-- 011838
-- 780.972 T129M
-- 20241204LIV
Exemplaires
Estatus retirado Estado de daño Estado de pérdida Fecha de adquisición Biblioteca de origen Biblioteca actual Ubicación en estantería Código de barras Precio de reemplazo Signatura topográfica completa No para préstamo Tipo de ítem Koha Nota pública Nota no pública
      05/08/2025 Casa México Paris Casa México Paris   011838 05/08/2025 780.972 T129M   Livre 20241204LIV 751145101